Tannhäuser: in full score /
This edition reproduces the full orchestral and vocal score in a clear, modern engraving with large, legible notation for easy reading and study.
| Main Author: | |
|---|---|
| Format: | Book |
| Language: | Spanish English |
| Published: |
New York:
Dover Publications,
1984.
|
| Edition: | Primera edición. |
| Subjects: |
MARC
| LEADER | 00000cam a2200000 i 4500 | ||
|---|---|---|---|
| 003 | Ucuenca | ||
| 005 | 20230609123059.0 | ||
| 006 | a||||fr|||| 001 0 | ||
| 007 | ta | ||
| 008 | 006102t1984 nyuaaaafr|||| 001|0 spa|a | ||
| 020 | |a 0-486-24649-3 | ||
| 040 | |b spa |a UCuenca-cdrjbv |c UCuenca |e rda | ||
| 041 | 0 | |a eng | |
| 082 | 0 | |2 22 |a 785.5 |c A2111 | |
| 100 | 1 | |a Wagner, Wilhelm Richard. |d 1813-1883 |9 210992 | |
| 245 | 1 | 1 | |a Tannhäuser: |b in full score / |c Richard Wagner. |
| 250 | |a Primera edición. | ||
| 264 | 1 | |a New York: |b Dover Publications, |c 1984. | |
| 264 | 4 | |c ®1984 | |
| 300 | |a 574 páginas: |b par |c 28 cm | ||
| 336 | |2 rdacontent |a texto |b txt | ||
| 337 | |2 rdamedia |a no mediado |b n | ||
| 338 | |2 rdacarrier |a volumen |b nc | ||
| 505 | 1 | |a Act one. Scene I -- Act two Orchestral Introduction -- Act three Orchestral introduction -- Supplement. | |
| 520 | 3 | |a This edition reproduces the full orchestral and vocal score in a clear, modern engraving with large, legible notation for easy reading and study. | |
| 650 | 1 | 7 | |2 UCuenca-cdrjbv |a Partitura |9 75334 |
| 650 | 1 | 7 | |2 UCuenca-cdrjbv |a Partitura-Orquesta |9 75477 |
| 852 | |a UC-YANUNCAY |f Compra |l 1 |m General |p 20061024 |q 34,50 |t A2111 |b 0 |d CDRY |e CDRY |g 785.5 |z 2006-61-02 | ||
| 942 | |c BK |2 ddc |r jessicap.torres@ucuenca.edu.ec | ||
| 999 | |c 46132 |d 46132 | ||